[Event "Wch U20 37th"]
[Site "Calicut"]
[Date "1998.11.30"]
[Round "13"]
[White "Uberoi, Arjun"]
[Black "Janz, Frerik"]
[Result "0-1"]
[WhiteElo "2070"]
[BlackElo "2240"]
[PlyCount "92"]
[EventDate "1998.11.17"]
[EventType "swiss"]
[EventRounds "13"]
[EventCountry "IND"]
[SourceTitle "CBM 067 Extra"]
[Source "ChessBase"]
[SourceDate "1999.01.01"]
[SourceVersion "1"]
[SourceVersionDate "1999.01.01"]
[SourceQuality "1"]

1. d4 d5 2. Nf3 Nf6 3. Bf4 g6 4. e3 Bg7 5. Bd3 0-0 6. 0-0 c5 7. c3 Nc6 8. Nbd2 Re8 9. Ne5 Nh5 10. Nxc6 bxc6 11. Bg5 Qb6 12. b3 a5 13. Nf3 Ba6 14. Rc1 Bb7 15. dxc5 Qxc5 16. c4 Qb6 17. cxd5 cxd5 18. Qe2 h6 19. Bh4 e5 20. Bb5 Reb8 21. a4 e4 22. Nd2 Rc8 23. Rfd1 Qe6 24. Nf1 f5 25. Ng3 Nf6 26. Bxf6 Qxf6 27. Qd2 d4 28. Rxc8+ Rxc8 29. Bc4+ Kh7 30. exd4 f4 31. Nf1 Re8 32. d5 Qg5 33. Re1 Re5 34. Qxa5 e3 35. Qb6 f3 36. g3 exf2+ 37. Qxf2 Rxe1 38. Qxe1 Bd4+ 39. Kh1 Bxd5 40. Bxd5 Qxd5 41. Qe7+ Bg7 42. h4 Qd1 43. Kg1 Qc2 44. Ne3 Qe2 45. Qa7 f2+ 46. Kh1 Qe1+ 0-1

[Event "Wch U20 37th"]
[Site "Calicut"]
[Date "1998.11.21"]
[Round "5"]
[White "Uberoi, Arjun"]
[Black "Panchanathan, Magesh Chandran"]
[Result "0-1"]
[WhiteElo "2070"]
[BlackElo "2280"]
[PlyCount "50"]
[EventDate "1998.11.17"]
[EventType "swiss"]
[EventRounds "13"]
[EventCountry "IND"]
[SourceTitle "CBM 067 Extra"]
[Source "ChessBase"]
[SourceDate "1999.01.01"]
[SourceVersion "1"]
[SourceVersionDate "1999.01.01"]
[SourceQuality "1"]

1. d4 Nf6 2. Nf3 e6 3. Bg5 Be7 4. c4 b6 5. Nc3 Bb7 6. e3 d6 7. Be2 Nbd7 8. 0-0 h6 9. Bh4 g5 10. Bg3 h5 11. h3 h4 12. Bh2 g4 13. hxg4 Nxg4 14. Nd2 Nxh2 15. Kxh2 d5 16. cxd5 exd5 17. e4 dxe4 18. Ndxe4 f5 19. Bh5+ Kf8 20. Nd2 Bd6+ 21. Kg1 h3 22. Bf3 Bh2+ 23. Kh1 hxg2+ 24. Bxg2 Bd6+ 25. Kg1 Rh1+ 0-1